000
002660000a22000970004500
100
1
_a
Sánchez Cetina, Edesio
245
1
0
_a
La generación del '71 : Remembrenzas
300
_a
Vol. 18, Num 1. (Junio, 1998), Páginas 86-93
773
0
_t
Vida y pensamiento
942
_c
ANA
999
_c
53089
_d
53089